000 00608nam a2200229Ia 4500
005 20260320201617.0
008 008 262003s9999 xx 000 0 eng d
037 _aEBOOK
040 _aCRL
040 _beng
040 _cCRL
041 _2eng
041 _aeng
084 _qCRL
100 _aKritzler
_91135488
245 0 _aGas Infra-red, the Green Heat History of IR heating and Infra-red Heating: Design and Economic Analysis
260 _bIEEE
856 _uhttps://ieeexplore.ieee.org/servlet/opac?bknumber=11184661
942 _cEBOOK
999 _c1722402
_d1722402